Online
Catalog

Acerca del nombre de nuestro país / (Record no. 58814)

MARC details
000 -CABECERA
campo de control de longitud fija 01501nam a2200277 i 4500
003 - IDENTIFICADOR DEL NÚMERO DE CONTROL
campo de control DO-SdBNP
005 - FECHA Y HORA DE LA ÚLTIMA TRANSACCIÓN
campo de control 20250425143028.0
007 - CAMPO FIJO DE DESCRIPCIÓN FÍSICA--INFORMACIÓN GENERAL
campo de control de longitud fija ta
008 - DATOS DE LONGITUD FIJA--INFORMACIÓN GENERAL
campo de control de longitud fija 240425e19? sp ac||| |||| 00| 1 spa d
040 ## - FUENTE DE LA CATALOGACIÓN
Centro catalogador/agencia de origen DO-SdBNP
Lengua de catalogación spa
Centro/agencia transcriptor BNPHU
Normas de descripción rda
041 ## - CÓDIGO DE LENGUA
Código de lengua original spa
082 #4 - NÚMERO DE LA CLASIFICACIÓN DECIMAL DEWEY
Número de clasificación 972.9302
Número de documento/Ítem B174a
Número de edición 22
100 1# - ENTRADA PRINCIPAL--NOMBRE DE PERSONA
Nombre de persona Balcácer, Juan Daniel,
Término indicativo de función/relación autor
Código de función/relación aut.
9 (RLIN) 84417
245 1# - MENCIÓN DE TÍTULO
Título Acerca del nombre de nuestro país /
Mención de responsabilidad, etc. Juan Daniel Balcácer
264 #1 - PRODUCCIÓN, PUBLICACIÓN, DISTRIBUCIÓN, FABRICACIÓN Y COPYRIGHT
Producción, publicación, distribución, fabricación y copyright Santo Domingo :
Nombre del de productor, editor, distribuidor, fabricante Ediciones Pedagogicas Dominicanas,
Fecha de producción, publicación, distribución, fabricación o copyright fecha no identificada
300 ## - DESCRIPCIÓN FÍSICA
Extensión 127 páginas ;
Dimensiones 24 cm
336 ## - TIPO DE CONTENIDO
Término de tipo de contenido texto
Código de tipo de contenido txt
Fuente rdacontent
337 ## - TIPO DE MEDIO
Nombre/término del tipo de medio sin medición
Código del tipo de medio n
Fuente rdamedia
338 ## - TIPO DE SOPORTE
Nombre/término del tipo de soporte volumen
Código del tipo de soporte nc
Fuente rdacarrier
505 ## - NOTA DE CONTENIDO CON FORMATO
Nota de contenido con formato ntroducción 9|Acerca del nombre de nuestro país 13|El nombre de la Isla / Emiliano Tejera 27|Hispaniola, No! - El error de Anglería / Federico Velázquez H. 33|Santo Domingo o la Española / Pedro Henríquez Ureña 37|Una opinión sobre la designación de la Isla /Alcides García Lluberes 39|Santo Domingo o La Española / Emilio Tejera Bonetti 47|Santo Domingo o La Española / Federico Henríquez y Carvajal 55|Hisjaniola / Jean Le Fureteur 59|La isla de Haití. Una lamentable iniciativa de la U. S. Geographic Board / Edmond Mangonés 62|Santo Domingo y República Dominicana / M. de J. Troncoso de la Concha 125
590 ## - NOTA LOCAL (RLIN)
Nota local Inventariado 2025/DG
650 #4 - PUNTO DE ACCESO ADICIONAL DE MATERIA--TÉRMINO DE MATERIA
Término de materia o nombre geográfico como elemento de entrada Nombres geográficos
9 (RLIN) 87495
Subdivisión general República Dominicana
650 #4 - PUNTO DE ACCESO ADICIONAL DE MATERIA--TÉRMINO DE MATERIA
Término de materia o nombre geográfico como elemento de entrada República Dominicana
Subdivisión de forma Nombre
9 (RLIN) 87536
910 ## - DATOS DE OPCIÓN DEL USUARIO (OCLC)
Datos de opción del usuario DG
942 ## - ELEMENTOS DE PUNTO DE ACCESO ADICIONAL (KOHA)
Fuente del sistema de clasificación o colocación Dewey Decimal Classification
Tipo de ítem Koha Libro
Holdings
Estado de retiro Estado de pérdida Fuente del sistema de clasificación o colocación Restricciones de uso No para préstamo Código de colección Localización permanente Ubicación/localización actual Ubicación en estantería Fecha de adquisición Fuente de adquisición Total de préstamos Signatura topográfica completa Código de barras Fecha visto por última vez Precio válido a partir de Tipo de ítem Koha Nota pública
    Dewey Decimal Classification Excluido de préstamo   Patrimonio Dominicano Biblioteca Nacional Pedro Henríquez Ureña Biblioteca Nacional Pedro Henríquez Ureña En catalogación 25.04.2025 Donado por la Presidencia de la República Dominicana 2023   BNPHU PD 972.9302 B174a 2025-3692 25.04.2025 25.04.2025 Libro Pertenecio a la biblioteca personal de Emilio Cordero Michel

Powered by Koha